Zákon č. 381/2001 Z.z. zo 4. septembra 2001 o povinnom zmluvnom poistení zodpovednosti zaškodu spôsobenú prevádzkou motorového vozidla ...

Zákon č. 381/2001 Z.z. o povinnom zmluvnom poistení ... a o zmene a doplnení niektorých zákonov v znení ďalších zákonov a zákona č. 110/2007 Z.z. Dôvodová správa k zákonu č. 110/2007 Z.z.

Gespeichert in:
Bibliographische Detailangaben
Format: Buchkapitel
Sprache:Slowakisch
Schlagworte:
Tags: Tag hinzufügen
Keine Tags, Fügen Sie das erste Tag hinzu!

MARC

LEADER 00000naa$a2200000$$$4500
001 0056338
005 20231106072851.6
041 0 |a slo 
044 |a SK 
245 1 0 |a Zákon č. 381/2001 Z.z. zo 4. septembra 2001 o povinnom zmluvnom poistení zodpovednosti zaškodu spôsobenú prevádzkou motorového vozidla ... 
520 |a Zákon č. 381/2001 Z.z. o povinnom zmluvnom poistení ... a o zmene a doplnení niektorých zákonov v znení ďalších zákonov a zákona č. 110/2007 Z.z. Dôvodová správa k zákonu č. 110/2007 Z.z. 
610 2 0 |a poistenie zodpovednosti za škody 
610 2 0 |a poistenie povinné zmluvné 
610 2 0 |a automobily 
610 2 0 |a doprava 
610 2 0 |a zákony 
610 2 0 |a Slovensko 
610 2 0 |a 2001-2007 
610 2 0 |a správy dôvodové